Experimental methods : an introduction to the analysis and presentation
Αποθηκεύτηκε σε:
| Κύριος συγγραφέας: | |
|---|---|
| Μορφή: | Βιβλίο |
| Γλώσσα: | English |
| Δημοσίευση: |
Brisbane :
New York,
c1994
|
| Θέματα: | |
| Ετικέτες: |
Προσθήκη ετικέτας
Δεν υπάρχουν, Καταχωρήστε ετικέτα πρώτοι!
|
MARC
| LEADER | 00000nam a2200000 i 4500 | ||
|---|---|---|---|
| 001 | 1/16900 | ||
| 008 | 980827s1994 eng d | ||
| 020 | |a 0-471-33579-7 | ||
| 035 | |l 10020363 | ||
| 040 | |a GR-MY-UA |b gre |e aacr | ||
| 041 | 0 | |a eng | |
| 082 | 0 | |a 530.0724 | |
| 100 | 1 | |a Kirkup, Les. | |
| 245 | 1 | 0 | |a Experimental methods : |b an introduction to the analysis and presentation / |c Les Kirkup |
| 260 | |a Brisbane : |b New York, |c c1994 | ||
| 300 | |a 216 p. |b fig.; tabl. | ||
| 504 | |a includes bibliographical references and index | ||
| 650 | 0 | 0 | |a Physical sciences |x Experiments |x Data processing. |
| 650 | 0 | 0 | |a Engineering |x Experiments |x Data processing. |
| 650 | 0 | 0 | |a Physics |x Experiments. |
| 852 | |a INST |b LESVOS |e 19980827 |h 530.0724 KIR |p 005100013017 |q 005100013017 |t BK |y 0 | ||
| 901 | |a BIBL-1998-3 | ||
| 909 | |a Λ |b 059056 | ||
| 922 | |a 1ΕΛΗ |b 199808 |c ΚΠΣ/ΤΠ |d ΠΑΠΑΣΩΤΗΡΙΟΥ | ||
| 950 | |a 107-1998-07-17 | ||